Waste treatment market faces IPPC overhaul (Record no. 76454)
[ view plain ]
| 000 -LEADER | |
|---|---|
| fixed length control field | 01763cab a2200229 4500 |
| 001 - CONTROL NUMBER | |
| control field | ##L132457 |
| 008 - FIXED-LENGTH DATA ELEMENTS--GENERAL INFORMATION | |
| fixed length control field | 060210n2006 000 0 eng u |
| 035 ## - SYSTEM CONTROL NUMBER | |
| System control number | (Sirsi) u132457 |
| 041 0# - LANGUAGE CODE | |
| Language code of text/sound track or separate title | eng |
| 100 1# - MAIN ENTRY--PERSONAL NAME | |
| Personal name | Marshall, Alex |
| 245 00 - TITLE STATEMENT | |
| Title | Waste treatment market faces IPPC overhaul |
| 260 ## - PUBLICATION, DISTRIBUTION, ETC. | |
| Date of publication, distribution, etc. | 2006 |
| 490 #0 - SERIES STATEMENT | |
| Series statement | ENDS Report |
| Volume/sequential designation | (372) January 2006, 25-29(4) |
| 520 ## - SUMMARY, ETC. | |
| Summary, etc. | Examines the impact of the integrated pollution prevention and control (IPPC) regime on the operation of hazardous waste treatment facilities and how it will bring major changes to the waste treatment market. IPPC builds on the requirements of the landfill directive (Directive 99/31/EC) and the Hazardous Waste Regulations (England and Wales) 2005 to improve environmental performance. The main changes it brings involve controlling emissions to air, sewer and groundwater using best available techniques. Summarises the range of hazardous waste treatment techniques. Looks at the IPPC preparedness of key players in the sector and the cost implications to smaller companies seeking compliance. Concludes that IPPC will reduce the number of treatment sites and operators and raise costs for waste producers but will make the disposal process safer and more environmentally responsible. Tables cover outstanding permit applications for hazardous waste treatment plants and pollution prevention and control permits issued for hazardous waste treatment sites. |
| 590 ## - LOCAL NOTE (RLIN) | |
| Local note | IKA140206 |
| 650 24 - SUBJECT ADDED ENTRY--TOPICAL TERM | |
| Topical term or geographic name entry element | DIRECTIVE 99/31/EC |
| 650 24 - SUBJECT ADDED ENTRY--TOPICAL TERM | |
| Topical term or geographic name entry element | INTEGRATED POLLUTION PREVENTION AND CONTROL |
| 650 24 - SUBJECT ADDED ENTRY--TOPICAL TERM | |
| Topical term or geographic name entry element | HAZARDOUS WASTE (ENGLAND AND WALES) REGULATIONS 2005 |
| 650 24 - SUBJECT ADDED ENTRY--TOPICAL TERM | |
| Topical term or geographic name entry element | DIRECTIVE 96/61/EC |
| 690 ## - LOCAL SUBJECT ADDED ENTRY--TOPICAL TERM (OCLC, RLIN) | |
| Topical term or geographic name as entry element | ENVIRONMENTAL AND LAND CONSULTANCY-WASTE MANAGEMENT-HAZARDOUS WASTE TREATMENT |
| 942 ## - ADDED ENTRY ELEMENTS (KOHA) | |
| Suppress in OPAC | 0 |
| Withdrawn status | Lost status | Source of classification or shelving scheme | Damaged status | Not for loan | Home library | Current library | Shelving location | Date acquired | Total Checkouts | Full call number | Barcode | Date last seen | Copy number | Price effective from | Koha item type |
|---|---|---|---|---|---|---|---|---|---|---|---|---|---|---|---|
| Dewey Decimal Classification | London | London | Journal article | 10/02/2006 | L132457 | 132457-1001 | 06/08/2019 | 1 | 06/08/2019 | Journal article |